000 00785nam a22002177a 4500
999 _c5668
_d5668
003 AR-CdUCM
008 190313b ||||| |||| 00| 0 spa d
040 _aMUNICIPALIDAD PROVINCIAL DEL CUSCO
_cBIBLIOTECA MUNICIPAL DEL CUSCO
082 _a869.41 /
_bA65
100 _aAraoz Alfaro, Rodolfo
_916909
245 _aEl recuerdo y las cárceles :
_bMemorias amables /
260 _aBuenos Aires :
_bEdiciones de la Flor,
_c1967.
300 _a191 páginas ;
_c20 cm.
500 _aDonación familia Luis Nieto
_aDedicatoria
505 _aContenido: El recuerdo -- Las cárceles (I) -- EL once piojero -- Las cárceles (II).
650 _aCrónicas de la cárcel
_916910
650 _aPrisioneros
_99965
650 _aLuchas estudiantiles
_916911
942 _2ddc
_cLIBROS
945 _adavv